Historia de San Martín y de la emancipación sudamericana
Saved in:
| Hovedforfatter: | |
|---|---|
| Format: | Bog |
| Sprog: | spansk |
| Udgivet: |
Buenos Aires
Anaconda
1950
|
| Fag: | |
| Tags: |
Tilføj Tag
Ingen Tags, Vær først til at tagge denne postø!
|
MARC
| LEADER | 00000nam a2200000 a 4500 | ||
|---|---|---|---|
| 001 | UCO3161 | ||
| 003 | CL-VaPUC | ||
| 008 | 000714e19500000AG |||||||||||||||||spa|d | ||
| 082 | 0 | 4 | |a 923.5 |b MIT |2 21 |
| 100 | |a Mitre, Bartolomé |e autor |9 315189 | ||
| 245 | 1 | 0 | |a Historia de San Martín y de la emancipación sudamericana |
| 300 | |a 988 p | ||
| 942 | |c BK | ||
| 945 | |d 20000714 00:00:00 |a rherrera | ||
| 260 | |a Buenos Aires |b Anaconda |c 1950 | ||
| 600 | 0 | 7 | |a SAN MARTIN, JOSE DE |2 CL-VaPUC |9 447069 |
| 650 | 0 | |a Biografías |9 255210 | |
| 650 | 7 | |a LIBERTADORES |2 CL-VaPUC |9 317968 | |
| 650 | 0 | |a Militares |9 336881 | |
| 650 | 7 | |a HISTORIA DE ARGENTINA SIGLO 19 |2 CL-VaPUC |9 378483 | |
| 650 | 0 | |a Independencia Americana |9 395691 | |
| 651 | 0 | |a Argentina |9 254888 | |
| 651 | 0 | |a América |9 255182 | |
| 583 | |a last modification |c 20160829 03:24:25 |k Rodrigo Vera | ||
| 999 | |c 289631 |d 289629 | ||
| 952 | |0 0 |1 0 |4 0 |6 923_500000000000000_MIT_1950 |7 0 |8 A |9 338201 |a BIBHIS |b BIBHIS |d 2019-11-20 |i 1299794 |o 923.5 MIT 1950 |p 1299794 |r 2025-01-20 |w 2019-11-20 |y BK |k HIS | ||